| 000 | 01223nam a2200325 i 4500 | ||
|---|---|---|---|
| 001 | bg | ||
| 100 | 1 | _aKLIN, Michail Ch. | |
| 245 | 1 | 0 |
_aAlgebra stosowana dla matematyków i informatyków : _bgrupy, grafy, kombinatoryka / _cM.Ch. Klin, R. Pöschel, K. Rosenbaum ; z niem. przeł. Jerzy Browki |
| 246 |
_iTyt. oryg.: _aAngewandte Algebra für Mathematiker und Informatiker : Einführung in gruppentheoretisch-kombinatorische |
||
| 250 | _aWyd.2. | ||
| 260 |
_aWarszawa : _bWydawnictwa Naukowo-Techniczne, _c1993. |
||
| 300 |
_a188 s. : _brys. ; _c24 cm. |
||
| 490 | 1 | _aBiblioteka Inżynierii Oprogramowani | |
| 500 | _aOryg. : "Angewandte Algebra für Mathematiker und Informatiker : Einführung in gruppentheoretisch-kombinatorische" 1988. | ||
| 504 | _aBibliogr. s. 177-179. - Indeksy. | ||
| 650 | _aGrafy | ||
| 650 | _aKombinatoryka | ||
| 650 | _aTeoria grup | ||
| 655 | _aPodręczniki | ||
| 700 | 1 | _aPÖSCHEL, Reinhard | |
| 700 | _aROSENBAUM, K. | ||
| 830 | _aBiblioteka Inżynierii Oprogramowania | ||
| 020 | _a8320416442 | ||
| 040 | _cBPK | ||
| 041 | 1 |
_apl _hdede |
|
| 080 | _a512.54:519.1](07) | ||
| 920 | _a83-204-1644-2 | ||
| 942 | _cKS | ||
| 008 | s pl f |000 0 pol | ||
| 999 |
_c32483 _d32483 |
||
| 856 |
_uhttp://koha.tu.koszalin.pl/cgi-bin/koha/opac-detail.pl?biblionumber=32483 _yKatalog online BPK |
||